|
|
|
|
| LEADER |
00000nam0a2200000 4500 |
| 001 |
302236 |
| 005 |
20231102001501.0 |
| 035 |
|
|
|a (RuTPU)RU\TPU\book\327433
|
| 090 |
|
|
|a 302236
|
| 100 |
|
|
|a 20150820d1964 km y0rusy50 ca
|
| 101 |
0 |
|
|a rus
|
| 102 |
|
|
|a RU
|
| 105 |
|
|
|a a z 001zy
|
| 200 |
1 |
|
|a Современные конструкции фундаментов под машины и их расчет
|e пособие для проектировщиков
|f О. А. Савинов
|
| 210 |
|
|
|a Москва
|a Ленинград
|c Изд-во литературы по строительству
|d 1964
|
| 215 |
|
|
|a 346 с.
|c черт.
|
| 320 |
|
|
|a Библиогр.: с. 340-343.
|
| 606 |
1 |
|
|a Основания и фундаменты
|x Расчет
|x Проектирование
|2 stltpush
|3 (RuTPU)RU\TPU\subj\68928
|9 83991
|
| 610 |
1 |
|
|a машины
|
| 610 |
1 |
|
|a конструкции
|
| 610 |
1 |
|
|a расчет
|
| 610 |
1 |
|
|a массивные фундаменты
|
| 610 |
1 |
|
|a колебания
|
| 610 |
1 |
|
|a фундаменты сложной конструкции
|
| 610 |
1 |
|
|a рамные конструкции
|
| 610 |
1 |
|
|a виброизоляторы
|
| 675 |
|
|
|a 624.15.04
|v 4
|
| 700 |
|
1 |
|a Савинов
|b О. А.
|g Олег Александрович
|
| 801 |
|
1 |
|a RU
|b 63413507
|c 20150820
|
| 801 |
|
2 |
|a RU
|b 63413507
|c 20220530
|g RCR
|
| 942 |
|
|
|c BK
|